Normal view
MARC view
- Lulu, Li
Entry Personal Name
001 - CONTROL NUMBER
- control field: 86418
003 - CONTROL NUMBER IDENTIFIER
- control field: NUST
005 - DATE AND TIME OF LATEST TRANSACTION
- control field: 20211210151052.0
008 - FIXED-LENGTH DATA ELEMENTS
- fixed length control field: 211210|| aca||aabn | a|a d
040 ## - CATALOGING SOURCE
- Original cataloging agency: NUST
- Transcribing agency: NUST
100 ## - HEADING--PERSONAL NAME
- Personal name: Lulu, Li
670 ## - SOURCE DATA FOUND
- Source citation: Work cat.: (NUST): Lulu, Li, Contemporary chinese soceity: , 2018.
